000 00600nam a2200181Ia 4500
008 090124s9999 xx 000 0 und d
082 _b17545
100 _aबापट दिवाकर
245 _a डॉ. इव्हॉन पावलोव्ह
250 _a1
260 _bलोकवाड्.मय गृह
_c1979
300 _a40
600 _aबापट दिवाकर
630 _a डॉ. इव्हॉन पावलोव्ह
700 _aबापट दिवाकर
730 _a डॉ. इव्हॉन पावलोव्ह
942 _cBOOK
999 _c89083
_d89083